Obchodné právo obchodné spoločnosti

Salvato in:
Dettagli Bibliografici
Autore principale: Žitňanská, Lucia
Altri autori: Ovečková, Oľga
Natura: Libro
Lingua:slovacco
Pubblicazione: Bratislava Iuris Libri 2013
Edizione:2. dopl. a preprac. vyd.
Soggetti:
Tags: Aggiungi Tag
Nessun Tag, puoi essere il primo ad aggiungerne!!

MARC

LEADER 00000nam a2200000 4500
001 0234774
005 20221207093718.0
020 |a 978-80-89635-05-4 
041 0 |a slo 
044 |a SK 
245 1 0 |a Obchodné právo  |b obchodné spoločnosti  |c Lucia Žitňanská, Oľga Ovečková a kolektív 
250 |a 2. dopl. a preprac. vyd. 
264 1 |a Bratislava  |b Iuris Libri  |c 2013 
300 |a 636 s. 
610 2 0 |a právo obchodné 
610 2 0 |a spoločnosti obchodné 
610 2 0 |a register obchodný 
610 2 0 |a účtovníctvo 
610 2 0 |a spoločnosti v.o.s. 
610 2 0 |a spoločnosti komanditné 
610 2 0 |a spoločnosti s r.o. 
610 2 0 |a spoločnosti akciové 
610 2 0 |a družstvá 
610 2 0 |a súťaž hospodárska 
610 2 0 |a konkurzy 
610 2 0 |a reštrukturalizácia 
610 2 0 |a papiere cenné 
100 1 |a Žitňanská, Lucia 
700 1 |a Ovečková, Oľga